000 00353nam a2200157Ia 4500
003 Ost
005 20260225132559.0
008 260225s9999||||xx |||||||||||||| ||und||
040 _cfsic
041 _afre
082 _a370.15
100 _aL'ahouari addi
_eAuteur
245 0 _aL'impasse du populisme /
245 0 _cL'ahouari addi
942 _cكتاب
999 _c34619
_d34619